Religion, politics and power in Northern Nigeria (Record no. 34363)

MARC details
000 -LEADER
fixed length control field 00610nam a2200181Ia 4500
020 ## - INTERNATIONAL STANDARD BOOK NUMBER
ISBN 9782461962
050 ## - CALL MARK
Classification number BL 65.P7 .K85/
100 ## - STATEMENT OF RESPONSIBILITY--MAIN AUTHOR NAME
Personal name Kukah, M. H.
245 #0 - TITLE STATEMENT
Title Religion, politics and power in Northern Nigeria
260 ## - PUBLICATION, DISTRIBUTION, ETC. (IMPRINT)
Place of publication Ibadan, Nigeria
260 ## - PUBLICATION, DISTRIBUTION, ETC. (IMPRINT)
Name of publisher Spectrum Books Limited
260 ## - PUBLICATION, DISTRIBUTION, ETC. (IMPRINT)
Year of publication 1993
300 ## - PHYSICAL DESCRIPTION
Number of Pages 280 p
650 ## - SUBJECT ADDED ENTRY--TOPICAL TERM
Topical Term Religion and politics--Nigeria, Northern. Religion and state--Nigeria, Northern. Power (Social sciences)--Nigeria, Northern. Nigeria, Northern--Politics and government.
942 ## - ADDED ENTRY ELEMENTS (KOHA)
Koha item type Books
Holdings
Withdrawn status Lost status Source of classification or shelving scheme Damaged status Not for loan Permanent Location Current Location Date acquired Accession Number Price effective from Koha item type
    Library of Congress Classification     NILE UNIVERSITY OF NIGERIA - MAIN LIBRARY NILE UNIVERSITY OF NIGERIA - MAIN LIBRARY 04/23/2025 0194496 04/23/2025 Books